Rapport d'activité 1991 programme mondial de lutte contre le SIDA

Guardat en:
Dades bibliogràfiques
Autor principal: OMS
Format: Llibre
Idioma:Undetermined
Publicat: Genève OMS 1992
Matèries:
Etiquetes: Afegir etiqueta
Sense etiquetes, Sigues el primer a etiquetar aquest registre!
Thư viện lưu trữ: Trung tâm Học liệu Trường Đại học Cần Thơ
LEADER 00529nam a2200181Ia 4500
001 CTU_6904
008 210402s9999 xx 000 0 und d
082 |a 616.9705 
082 |b O.68r 
100 |a OMS 
245 0 |a Rapport d'activité 1991 programme mondial de lutte contre le SIDA 
245 0 |c OMS 
260 |a Genève 
260 |b OMS 
260 |c 1992 
650 |a communicable diseases,infectious diseases 
904 |i Nguyễn Quang Điền, 960828 
980 |a Trung tâm Học liệu Trường Đại học Cần Thơ